LEADER 01004nam0 22002771i 450 001 RML0316831 005 20231121125754.0 100 $a20121121d2009 ||||0itac50 ba 101 | $aeng 102 $aus 181 1$6z01$ai $bxxxe 182 1$6z01$an 200 1 $aggplot2$eelegant graphics for data analysis$fby Hadley Wickham 210 $aNew York $cSpringer $dİ2009 215 $aVIII, 212 p.$d24 cm 606 $aProgrammi per elaboratori$2FIR$3RMLC387899$9I 676 $a001.4226$9$v21 700 1$aWickham$b, Hadley$3RMLV204509$0475277 801 3$aIT$bIT-01$c20121121 850 $aIT-FR0098 899 $aBiblioteca Area Giuridico Economica$bFR0098 912 $aRML0316831 950 0$aBiblioteca Area Giuridico Economica$d 53ATENE 20/113$e 53VM 0000874175 VM barcode:BAGE019790. - Inventario:6879. - Fondo:Patrimonio Amm.ne Centrale - CSB AGEVM$fA $h20110414$i20121204 977 $a 53 996 $aGgplot2$9247426 997 $aUNICAS